[Event "VIE-ch U20"]
[Site "Hanoi"]
[Date "2020.??.??"]
[Round "2"]
[White "Nguyen, Tien Anh"]
[Black "Le, Quang Vinh"]
[Result "0-1"]
[WhiteElo "1821"]
[BlackElo "1833"]
[PlyCount "80"]
[EventDate "2020.10.22"]
[EventType "tourn"]
[EventRounds "7"]
[EventCountry "VIE"]
[SourceTitle "EXT 2022"]
[Source "ChessBase"]
[SourceDate "2021.10.06"]
[SourceVersion "1"]
[SourceVersionDate "2021.10.06"]
[SourceQuality "1"]

1. d4 f5 2. g3 Nf6 3. Bg2 g6 4. Nh3 Bg7 5. 0-0 0-0 6. c4 d6 7. d5 Qe8 8. Nf4 Na6 9. Nd2 g5 10. Nd3 c5 11. dxc6 bxc6 12. Qa4 Bb7 13. Nf3 e5 14. Nxg5 e4 15. Nb4 Nc5 16. Qd1 Qe7 17. Nc2 Ng4 18. Bf4 Ne5 19. Nd4 h6 20. Nh3 Nxc4 21. Qc1 d5 22. Rd1 Ne6 23. e3 c5 24. Nxe6 Qxe6 25. Rb1 Rac8 26. Qc2 d4 27. exd4 cxd4 28. Qe2 Rfe8 29. b3 Na3 30. Rbc1 d3 31. Qe3 Nc2 32. Qxa7 Bd5 33. Be3 Ra8 34. Qc7 Rec8 35. Qf4 Rxa2 36. Qh4 Nxe3 37. fxe3 Rxc1 38. Rxc1 Qb6 39. Qf4 Be6 40. Nf2 Re2 0-1

[Event "VIE-ch U20"]
[Site "Hanoi"]
[Date "2020.??.??"]
[Round "5"]
[White "Nguyen, Tien Anh"]
[Black "Nguyen, Anh Dung1"]
[Result "1/2-1/2"]
[WhiteElo "1821"]
[BlackElo "1589"]
[PlyCount "38"]
[EventDate "2020.10.22"]
[EventType "tourn"]
[EventRounds "7"]
[EventCountry "VIE"]
[SourceTitle "EXT 2022"]
[Source "ChessBase"]
[SourceDate "2021.10.06"]
[SourceVersion "1"]
[SourceVersionDate "2021.10.06"]
[SourceQuality "1"]

1. d4 f5 2. g3 Nf6 3. Bg2 g6 4. Nh3 Bg7 5. c4 d6 6. 0-0 0-0 7. d5 a5 8. Nf4 Na6 9. h4 Qe8 10. Nd2 Nc5 11. Nf3 Nfe4 12. Nd4 Bd7 13. Be3 e5 14. dxe6 Nxe6 15. Ndxe6 Bxe6 16. Bd4 Bf7 17. Rc1 Rd8 18. Bxg7 Kxg7 19. Qd4+ Qe5 1/2-1/2

[Event "VIE-ch U17"]
[Site "Hai Phong"]
[Date "2018.07.11"]
[Round "7"]
[White "Nguyen, Tien Anh"]
[Black "Bui, Nhat Tan"]
[Result "1-0"]
[WhiteElo "1774"]
[BlackElo "1780"]
[PlyCount "121"]
[EventDate "2018.07.07"]
[EventType "swiss"]
[EventRounds "9"]
[EventCountry "VIE"]
[SourceTitle "EXT 2019"]
[Source "ChessBase"]
[SourceDate "2018.10.10"]
[SourceVersion "1"]
[SourceVersionDate "2018.10.10"]
[SourceQuality "1"]

1. d4 d5 2. c4 c6 3. Nc3 e6 4. e3 Nf6 5. Nf3 Bd6 6. Qc2 Nbd7 7. b3 0-0 8. Be2 a6 9. 0-0 e5 10. cxd5 cxd5 11. dxe5 Nxe5 12. Bb2 Be6 13. Rac1 Rc8 14. Qb1 Nfg4 15. g3 Rc6 16. Nd4 Qf6 17. h4 Rcc8 18. e4 dxe4 19. Nxe4 Qe7 20. Rxc8 Bxc8 21. Qc1 b5 22. Rd1 Bb8 23. f3 Nf6 24. Qg5 Bd7 25. Ba3 Qxa3 26. Nxf6+ Kh8 27. Nxd7 Nxd7 28. Nf5 Qc5+ 29. Kf1 g6 30. Nh6 Qxg5 31. hxg5 Nc5 32. b4 Ne6 33. f4 Kg7 34. Rd7 Nxf4 35. gxf4 Bxf4 36. Ng4 Bxg5 37. Bf3 h5 38. Ne5 Bf4 39. Nd3 Be3 40. Nc5 Rc8 41. Bb7 Re8 42. Bd5 h4 43. Rxf7+ Kh6 44. Ne4 Re5 45. Bb7 Kh5 46. Kg2 Re6 47. Rh7+ Bh6 48. Kf3 g5 49. Bd5 g4+ 50. Kg2 h3+ 51. Kg3 h2 52. Kxh2 Rb6 53. Bf7+ Kh4 54. Bd5 Rg6 55. Ng3 Kg5 56. Rf7 Rb6 57. Be4 Re6 58. Bh7 Bf8 59. Ne4+ Kh6 60. Rxf8 Kg7 61. Rg8+ 1-0

[Event "VIE-ch U17"]
[Site "Hai Phong"]
[Date "2018.07.09"]
[Round "5"]
[White "Nguyen, Tien Anh"]
[Black "Tran, Duc Hung Long"]
[Result "0-1"]
[WhiteElo "1774"]
[BlackElo "1757"]
[PlyCount "38"]
[EventDate "2018.07.07"]
[EventType "swiss"]
[EventRounds "9"]
[EventCountry "VIE"]
[SourceTitle "EXT 2019"]
[Source "ChessBase"]
[SourceDate "2018.10.10"]
[SourceVersion "1"]
[SourceVersionDate "2018.10.10"]
[SourceQuality "1"]

1. d4 e6 2. c4 Nf6 3. Nf3 d5 4. g3 dxc4 5. Bg2 c5 6. Qa4+ Bd7 7. Qxc4 Bc6 8. 0-0 cxd4 9. Rd1 Qd5 10. Qc2 Qc5 11. Qd2 Be7 12. Nxd4 Bxg2 13. Kxg2 Nc6 14. Qc2 Nxd4 15. Qxc5 Bxc5 16. Nc3 Nc6 17. Bf4 0-0 18. Rac1 Rfd8 19. Rxd8+ Rxd8 0-1

[Event "VIE-ch"]
[Site "Ho Chi Minh City"]
[Date "2018.05.03"]
[Round "9"]
[White "Nguyen, Tien Anh"]
[Black "Phan, Luong"]
[Result "1-0"]
[WhiteElo "1831"]
[BlackElo "1836"]
[PlyCount "109"]
[EventDate "2018.04.27"]
[EventType "swiss"]
[EventRounds "9"]
[EventCountry "VIE"]
[SourceTitle "CBM 184 Extra"]
[Source "ChessBase"]
[SourceDate "2018.06.28"]
[SourceVersion "1"]
[SourceVersionDate "2018.06.28"]
[SourceQuality "1"]

1. Nf3 Nf6 2. d4 e6 3. g3 b6 4. Bg2 Bb7 5. c4 g6 6. Nc3 Bg7 7. d5 d6 8. 0-0 e5 9. e4 0-0 10. Nh4 Nbd7 11. Be3 Ne8 12. Qc2 Kh8 13. Qd2 f5 14. Nf3 Qf6 15. Bg5 Qf7 16. Nh4 f4 17. Bh3 Nc5 18. b4 h6 19. bxc5 hxg5 20. Nf3 Qe7 21. c6 Bc8 22. Bxc8 Rxc8 23. g4 Qf6 24. Kg2 Rf7 25. Rh1 Bf8 26. h3 Kg8 27. Rh2 Rh7 28. Rah1 Be7 29. Ne2 Qg7 30. Neg1 Bf6 31. Kf1 Qe7 32. Rg2 Ng7 33. h4 Ne8 34. Rhh2 Qd8 35. h5 Kg7 36. Rh3 Rh6 37. hxg6 Rxh3 38. Nxh3 Kxg6 39. Qc2 Ng7 40. a4 Ra8 41. Nd2 a6 42. Nb3 Qb8 43. f3 b5 44. Na5 Qb6 45. Nb7 Rh8 46. c5 dxc5 47. a5 Qa7 48. Rh2 c4 49. Nxf4+ exf4 50. e5+ Kf7 51. Rxh8 Bxe5 52. Nd8+ Ke7 53. Qg6 Qe3 54. Qf7+ Kd6 55. Nb7# 1-0

[Event "VIE-ch"]
[Site "Ho Chi Minh City"]
[Date "2018.04.28"]
[Round "3"]
[White "Vo, Pham Thien Phuc"]
[Black "Nguyen, Tien Anh"]
[Result "1/2-1/2"]
[WhiteElo "1794"]
[BlackElo "1831"]
[PlyCount "77"]
[EventDate "2018.04.27"]
[EventType "swiss"]
[EventRounds "9"]
[EventCountry "VIE"]
[SourceTitle "CBM 184 Extra"]
[Source "ChessBase"]
[SourceDate "2018.06.28"]
[SourceVersion "1"]
[SourceVersionDate "2018.06.28"]
[SourceQuality "1"]

1. d4 d5 2. Nf3 Nf6 3. c4 dxc4 4. e3 e6 5. Bxc4 c5 6. 0-0 a6 7. a4 Nc6 8. Nc3 Be7 9. dxc5 0-0 10. b3 Bxc5 11. Bb2 Qe7 12. Qe2 Bd7 13. Rfd1 Rfd8 14. h3 Be8 15. Rac1 Na5 16. Nd2 Bc6 17. Ncb1 Bb4 18. Bd4 Nd5 19. Nf3 Nxc4 20. Rxc4 f6 21. Rdc1 Rac8 22. Ne1 Bd7 23. Nd3 Bd6 24. e4 Nf4 25. Nxf4 Bxf4 26. Rxc8 Bxc8 27. Be3 Bd6 28. Bb6 Rf8 29. Nd2 Bd7 30. Nc4 Bc6 31. Qe3 Rc8 32. f3 Be8 33. Nxd6 Rxc1+ 34. Qxc1 Qxd6 35. Bf2 Bc6 36. Qc3 h6 37. Qd4 Qxd4 38. Bxd4 e5 39. Bc5 1/2-1/2

[Event "VIE-ch"]
[Site "Ho Chi Minh City"]
[Date "2018.04.27"]
[Round "1"]
[White "Dang, Hoang Son"]
[Black "Nguyen, Tien Anh"]
[Result "1-0"]
[WhiteElo "2323"]
[BlackElo "1831"]
[PlyCount "81"]
[EventDate "2018.04.27"]
[EventType "swiss"]
[EventRounds "9"]
[EventCountry "VIE"]
[SourceTitle "CBM 184 Extra"]
[Source "ChessBase"]
[SourceDate "2018.06.28"]
[SourceVersion "1"]
[SourceVersionDate "2018.06.28"]
[SourceQuality "1"]

1. d4 d5 2. c4 dxc4 3. e4 c5 4. d5 Nf6 5. Nc3 e6 6. Bxc4 exd5 7. Nxd5 Nxd5 8. Bxd5 Be7 9. Nf3 0-0 10. 0-0 Qb6 11. Qc2 Nc6 12. Bf4 Nb4 13. Qc3 Be6 14. Rfd1 Rfd8 15. Qc4 Bf6 16. Bxe6 Qxe6 17. Qxe6 fxe6 18. e5 Be7 19. Bg5 Kf7 20. a3 Nd3 21. Rd2 h6 22. Bxe7 Kxe7 23. Rad1 Nf4 24. g3 Rxd2 25. Rxd2 Nd5 26. h4 Rc8 27. Kg2 a6 28. h5 c4 29. Nd4 c3 30. Rc2 Rc4 31. bxc3 Rxc3 32. Rxc3 Nxc3 33. f4 b5 34. Kf3 Nb1 35. Nc2 Kd7 36. Ke3 Nc3 37. Kd3 Nd5 38. Kd4 Ne7 39. Kc5 Nd5 40. Nb4 Nc3 41. Nxa6 1-0

[Event "VIE-ch"]
[Site "Bac Giang"]
[Date "2017.11.26"]
[Round "6"]
[White "Nguyen, Tien Anh"]
[Black "Duong, Thuong Cong"]
[Result "1/2-1/2"]
[WhiteElo "1831"]
[BlackElo "2002"]
[PlyCount "76"]
[EventDate "2017.11.23"]
[EventType "swiss"]
[EventRounds "9"]
[EventCountry "VIE"]
[SourceTitle "CBM 181 Extra"]
[Source "ChessBase"]
[SourceDate "2017.12.12"]
[SourceVersion "1"]
[SourceVersionDate "2017.12.12"]
[SourceQuality "1"]

1. d4 d6 2. Nf3 g6 3. g3 Bg7 4. Bg2 f5 5. 0-0 Nf6 6. b3 0-0 7. Bb2 Qe8 8. c4 Nbd7 9. d5 Nc5 10. Nc3 a5 11. Nd4 Bd7 12. Re1 Nfe4 13. f3 Nxc3 14. Bxc3 e5 15. dxe6 Nxe6 16. e4 f4 17. Qd2 Be5 18. Nxe6 Qxe6 19. Bxe5 Qxe5 20. Qd5+ Be6 21. Qxe5 dxe5 22. gxf4 Rxf4 23. Rad1 a4 24. Re3 axb3 25. axb3 Rff8 26. Red3 Ra3 27. Kf2 Kg7 28. Kg3 h5 29. h4 g5 30. hxg5 Kg6 31. Bh3 h4+ 32. Kg2 Ra2+ 33. R1d2 Rxd2+ 34. Rxd2 Bxh3+ 35. Kxh3 Kxg5 36. Kg2 Rf7 37. Rd8 Kf4 38. Kf2 Kg5 1/2-1/2

[Event "VIE-ch"]
[Site "Bac Giang"]
[Date "2017.11.26"]
[Round "5"]
[White "Pham, Quang Hung"]
[Black "Nguyen, Tien Anh"]
[Result "1/2-1/2"]
[WhiteElo "1902"]
[BlackElo "1831"]
[PlyCount "129"]
[EventDate "2017.11.23"]
[EventType "swiss"]
[EventRounds "9"]
[EventCountry "VIE"]
[SourceTitle "CBM 181 Extra"]
[Source "ChessBase"]
[SourceDate "2017.12.12"]
[SourceVersion "1"]
[SourceVersionDate "2017.12.12"]
[SourceQuality "1"]

1. d4 Nf6 2. c4 c5 3. d5 b5 4. cxb5 a6 5. bxa6 d6 6. e3 Nxa6 7. Bb5+ Bd7 8. Bxd7+ Qxd7 9. Nc3 Nb4 10. Nge2 Qf5 11. 0-0 Nbxd5 12. e4 Nxc3 13. Nxc3 Qd7 14. e5 dxe5 15. Qe2 e6 16. Rd1 Qc6 17. Qxe5 Be7 18. Qg3 0-0 19. Bh6 Ne8 20. Rd3 Kh8 21. Bg5 Nf6 22. Qh4 Rfb8 23. Rh3 Rb4 24. Qg3 Rg4 25. Qxg4 Nxg4 26. Bxe7 f6 27. Rd1 Re8 28. Bd6 c4 29. Rh4 f5 30. h3 Nf6 31. Rhd4 e5 32. R4d2 Ne4 33. Nxe4 Qxe4 34. a4 h6 35. a5 Re6 36. Bc5 Rg6 37. f3 Qxf3 38. a6 Qc6 39. Rd5 Qxa6 40. Rxe5 Qb7 41. Rd2 f4 42. Rf2 Qc6 43. Bd4 Kh7 44. Rf5 Qe6 45. R5xf4 Qxh3 46. Bc3 Qe6 47. Rf1 Qe3+ 48. R1f2 Rg5 49. R4f3 Qe6 50. Rf7 h5 51. R7f4 Rg6 52. Rf5 Rh6 53. Rf7 Rg6 54. R7f5 Qe3 55. Rxh5+ Kg8 56. Rhf5 Rd6 57. Rf8+ Kh7 58. R8f3 Rd1+ 59. Kh2 Qc1 60. Rf4 Rh1+ 61. Kg3 Qe3+ 62. R2f3 Qe7 63. Kf2 Qc5+ 64. Kg3 Rh5 65. Rg4 1/2-1/2

[Event "VIE-ch"]
[Site "Bac Giang"]
[Date "2017.11.23"]
[Round "2"]
[White "Vu, Quang Quyen"]
[Black "Nguyen, Tien Anh"]
[Result "1/2-1/2"]
[WhiteElo "2069"]
[BlackElo "1831"]
[PlyCount "98"]
[EventDate "2017.11.23"]
[EventType "swiss"]
[EventRounds "9"]
[EventCountry "VIE"]
[SourceTitle "CBM 181 Extra"]
[Source "ChessBase"]
[SourceDate "2017.12.12"]
[SourceVersion "1"]
[SourceVersionDate "2017.12.12"]
[SourceQuality "1"]

1. e4 c6 2. d4 d5 3. e5 Bf5 4. Nc3 h6 5. Nge2 e6 6. Ng3 Bh7 7. Bd3 Bxd3 8. Qxd3 Ne7 9. 0-0 Nd7 10. b4 g6 11. Rb1 Bg7 12. a4 0-0 13. a5 b6 14. Ba3 b5 15. Rbe1 a6 16. Bc1 c5 17. bxc5 Nc6 18. f4 Nxa5 19. f5 exf5 20. Nxd5 Re8 21. Bf4 Rc8 22. Ra1 Re6 23. Nb4 Bf8 24. Kh1 Nc6 25. Nxa6 Ra8 26. d5 Ncxe5 27. Qxb5 Re8 28. d6 Qh4 29. h3 Bg7 30. Ra4 Qd8 31. c6 Nb6 32. Rb4 Qxd6 33. Qxb6 Rxa6 34. Qxa6 Qxb4 35. Qb7 Qc4 36. c7 g5 37. Bxe5 Bxe5 38. Re1 f6 39. Nxf5 Qf4 40. Nxh6+ Kf8 41. Ng4 Bxc7 42. Rxe8+ Kxe8 43. Qb5+ Ke7 44. Qe2+ Kf7 45. Kg1 f5 46. Nf2 Bb6 47. c4 Qc1+ 48. Kh2 Qf4+ 49. Kg1 Qc1+ 1/2-1/2

[Event "VIE-ch U13"]
[Site "Ho Chi Minh City"]
[Date "2014.07.17"]
[Round "7"]
[White "Vo, Kim Cang"]
[Black "Nguyen, Tien Anh"]
[Result "1-0"]
[WhiteElo "1688"]
[BlackElo "1646"]
[PlyCount "43"]
[EventDate "2014.07.13"]
[EventType "swiss"]
[EventRounds "9"]
[EventCountry "VIE"]
[SourceTitle "EXT 2016"]
[Source "ChessBase"]
[SourceDate "2015.10.08"]
[SourceVersion "1"]
[SourceVersionDate "2015.10.08"]
[SourceQuality "1"]

1. e4 c5 2. Nc3 Nc6 3. Bb5 Nd4 4. Bc4 Nf6 5. e5 Ng8 6. Nf3 Qc7 7. 0-0 g6 8. d3 Bg7 9. Bf4 Nh6 10. Nxd4 cxd4 11. Nb5 Qb6 12. e6 d6 13. Bxh6 Bxh6 14. exf7+ Kf8 15. Re1 d5 16. Qe2 e6 17. Bxd5 Qxb5 18. Qe5 Qxd5 19. Qxh8+ Kxf7 20. Re4 e5 21. Rxe5 Qc6 22. Rae1 1-0

[Event "ASEAN-ch U14 15th"]
[Site "Taipa"]
[Date "2014.06.09"]
[Round "9"]
[White "Nguyen, Tien Anh"]
[Black "Chong, Dominic Augustine"]
[Result "1-0"]
[WhiteElo "1643"]
[BlackElo "1561"]
[PlyCount "45"]
[EventDate "2014.06.04"]
[EventType "swiss"]
[EventRounds "9"]
[EventCountry "MAC"]
[SourceTitle "CBM 160 Extra"]
[Source "ChessBase"]
[SourceDate "2014.07.01"]
[SourceVersion "1"]
[SourceVersionDate "2014.07.01"]
[SourceQuality "1"]

1. Nf3 Nf6 2. g3 g6 3. Bg2 Bg7 4. 0-0 d6 5. d4 0-0 6. b3 Nbd7 7. Bb2 c6 8. Nbd2 Re8 9. c4 e5 10. dxe5 dxe5 11. e3 Qe7 12. Qe2 Kh8 13. Rac1 Ng8 14. e4 f5 15. Rfd1 h6 16. Nh4 Qf7 17. c5 Bf8 18. Nc4 Kh7 19. Bf3 Re6 20. exf5 gxf5 21. Nxf5 Bxc5 22. Be4 Ngf6 23. Nfd6+ 1-0

[Event "ASEAN-ch U14 15th"]
[Site "Taipa"]
[Date "2014.06.06"]
[Round "4"]
[White "Loo, Hsien Rong Evan"]
[Black "Nguyen, Tien Anh"]
[Result "0-1"]
[WhiteElo "1381"]
[BlackElo "1643"]
[PlyCount "50"]
[EventDate "2014.06.04"]
[EventType "swiss"]
[EventRounds "9"]
[EventCountry "MAC"]
[SourceTitle "CBM 160 Extra"]
[Source "ChessBase"]
[SourceDate "2014.07.01"]
[SourceVersion "1"]
[SourceVersionDate "2014.07.01"]
[SourceQuality "1"]

1. d4 Nf6 2. c4 g6 3. Nc3 d5 4. cxd5 Nxd5 5. e4 Nxc3 6. bxc3 Bg7 7. Bc4 c5 8. Be3 Nc6 9. Ne2 0-0 10. 0-0 Qc7 11. Qc2 b6 12. Rac1 Bd7 13. f3 e6 14. a3 Na5 15. Bf4 e5 16. Bd5 exf4 17. Bxa8 Rxa8 18. Qd2 Nb3 19. Qxf4 Qxf4 20. Nxf4 Nxc1 21. Rxc1 cxd4 22. Rd1 Ba4 23. Rc1 dxc3 24. Nd5 c2 25. Kf1 Bb2 0-1

[Event "ASEAN-ch U14 15th"]
[Site "Taipa"]
[Date "2014.06.05"]
[Round "2"]
[White "Ng, Jen Sheng"]
[Black "Nguyen, Tien Anh"]
[Result "1-0"]
[WhiteElo "1733"]
[BlackElo "1643"]
[PlyCount "87"]
[EventDate "2014.06.04"]
[EventType "swiss"]
[EventRounds "9"]
[EventCountry "MAC"]
[SourceTitle "CBM 160 Extra"]
[Source "ChessBase"]
[SourceDate "2014.07.01"]
[SourceVersion "1"]
[SourceVersionDate "2014.07.01"]
[SourceQuality "1"]

1. e4 c5 2. Nf3 d6 3. c3 Nf6 4. Be2 g6 5. 0-0 Bg7 6. Bb5+ Bd7 7. Bxd7+ Nbxd7 8. Re1 Qc7 9. d4 e5 10. Na3 0-0 11. dxe5 Nxe5 12. Nxe5 dxe5 13. Qf3 Nh5 14. Nc4 Kh8 15. Ne3 Nf4 16. g3 Nh3+ 17. Kg2 Ng5 18. Qg4 Ne6 19. Rf1 Qc6 20. f3 Rad8 21. h4 h5 22. Qh3 b5 23. Nd5 f5 24. Ne7 Qe8 25. exf5 Qxe7 26. fxe6 Rd3 27. Bg5 Bf6 28. Rad1 Rfd8 29. Rxd3 Rxd3 30. Bc1 Rd6 31. Be3 Rd3 32. Bc1 c4 33. f4 e4 34. Re1 b4 35. Kh2 bxc3 36. bxc3 Rxc3 37. Qg2 e3 38. Bb2 Rd3 39. Bxf6+ Qxf6 40. Qa8+ Rd8 41. Qxa7 Rd2+ 42. Kg1 Rd4 43. e7 Re4 44. Qa8+ 1-0

[Event "ASEAN-ch U14 15th"]
[Site "Taipa"]
[Date "2014.06.04"]
[Round "1"]
[White "Jacutina, John Merill"]
[Black "Nguyen, Tien Anh"]
[Result "1-0"]
[WhiteElo "1945"]
[BlackElo "1643"]
[PlyCount "55"]
[EventDate "2014.06.04"]
[EventType "swiss"]
[EventRounds "9"]
[EventCountry "MAC"]
[SourceTitle "CBM 160 Extra"]
[Source "ChessBase"]
[SourceDate "2014.07.01"]
[SourceVersion "1"]
[SourceVersionDate "2014.07.01"]
[SourceQuality "1"]

1. Nf3 Nf6 2. c4 g6 3. Nc3 Bg7 4. d4 d5 5. cxd5 Nxd5 6. e4 Nxc3 7. bxc3 c5 8. Be2 Nc6 9. Be3 0-0 10. 0-0 Qc7 11. Qc2 b6 12. d5 Ne5 13. Rac1 f5 14. Nxe5 Qxe5 15. f3 Bd7 16. a4 a6 17. a5 Qd6 18. Bd3 Qc7 19. Qa2 Kh8 20. exf5 Bxf5 21. Bxf5 Rxf5 22. Qc4 Rc8 23. Rfd1 Be5 24. h3 Bh2+ 25. Kh1 Qd6 26. Ra1 bxa5 27. Rxa5 Rf6 28. Rxc5 1-0

[Event "VIE-ch U13"]
[Site "Da Lat"]
[Date "2013.07.??"]
[Round "3"]
[White "Le Nguyen Khoi, Nguyen"]
[Black "Nguyen, Tien Anh"]
[Result "1-0"]
[WhiteElo "1856"]
[BlackElo "1643"]
[PlyCount "71"]
[EventDate "2013.07.13"]
[EventType "swiss"]
[EventRounds "9"]
[EventCountry "VIE"]
[SourceTitle "EXT 2014"]
[Source "ChessBase"]
[SourceDate "2013.11.20"]
[SourceVersion "1"]
[SourceVersionDate "2013.11.20"]
[SourceQuality "1"]

1. e4 d6 2. Nf3 g6 3. Bc4 Bg7 4. 0-0 Nf6 5. Re1 0-0 6. d4 c5 7. Nc3 cxd4 8. Nxd4 Nc6 9. Bb3 Bd7 10. Nxc6 Bxc6 11. Nd5 Qd7 12. Bg5 Bxd5 13. exd5 Qf5 14. Bh4 Rfe8 15. c3 Rac8 16. Ba4 Rf8 17. Rxe7 Nxd5 18. Rxb7 Qe4 19. Bc2 Qxh4 20. Qxd5 Rce8 21. Qf3 d5 22. Rxa7 Qd8 23. Bb3 Re5 24. Rd1 Rf5 25. Rxd5 Qe8 26. Qd1 Be5 27. Rad7 Qb8 28. g3 Qb6 29. Rd2 Kg7 30. Bd5 Bb8 31. Rb7 Qc5 32. Kg2 Ba7 33. Bf3 Rd8 34. b4 Qxf2+ 35. Rxf2 Rxd1 36. Rxa7 1-0

[Event "VIE-ch U13"]
[Site "Da Lat"]
[Date "2013.07.??"]
[Round "4"]
[White "Nguyen, Tien Anh"]
[Black "La, Hoang Linh"]
[Result "0-1"]
[WhiteElo "1643"]
[BlackElo "1956"]
[PlyCount "130"]
[EventDate "2013.07.13"]
[EventType "swiss"]
[EventRounds "9"]
[EventCountry "VIE"]
[SourceTitle "EXT 2014"]
[Source "ChessBase"]
[SourceDate "2013.11.20"]
[SourceVersion "1"]
[SourceVersionDate "2013.11.20"]
[SourceQuality "1"]

1. d4 d5 2. Nf3 Nf6 3. g3 g6 4. Bg2 Bg7 5. 0-0 0-0 6. b3 Bf5 7. Bb2 Nc6 8. c4 Nb4 9. Nc3 Nc2 10. Rc1 Nb4 11. Qd2 a5 12. Ne5 e6 13. Rfd1 Ne4 14. Nxe4 dxe4 15. a3 Na6 16. Qf4 f6 17. g4 fxe5 18. dxe5 Qh4 19. Qg3 Qxg4 20. Qxg4 Bxg4 21. Bxe4 Nc5 22. Bc2 Bxe2 23. Rd2 Bh5 24. Bd4 Bh6 25. Be3 Bxe3 26. fxe3 Rad8 27. Rd4 Nd7 28. Be4 c6 29. Rd6 Bg4 30. h3 Bxh3 31. Rcd1 Rf7 32. Kh2 Bg4 33. R1d2 Kf8 34. Kg3 Bh5 35. Rxe6 Re8 36. Rxe8+ Kxe8 37. e6 Re7 38. exd7+ Rxd7 39. Rf2 Re7 40. Kf4 g5+ 41. Kxg5 Rxe4 42. Kxh5 Rxe3 43. Rb2 Kd7 44. Kg4 Kd6 45. Kf4 Rc3 46. Ke4 h5 47. Kd4 Rg3 48. c5+ Ke6 49. b4 a4 50. Ra2 h4 51. Rh2 h3 52. Re2+ Kf5 53. Re7 Kg6 54. Re6+ Kf5 55. Re5+ Kf4 56. Re7 Kf3 57. Rxb7 h2 58. Rh7 Kg2 59. b5 Rg4+ 60. Ke5 cxb5 61. c6 h1Q 62. Rxh1 Kxh1 63. c7 Rc4 64. Kd6 b4 65. axb4 a3 0-1

[Event "VIE-ch U13"]
[Site "Da Lat"]
[Date "2013.07.??"]
[Round "9"]
[White "Nguyen, Tien Anh"]
[Black "Nguyen, Dinh Trung"]
[Result "1/2-1/2"]
[WhiteElo "1643"]
[BlackElo "1751"]
[PlyCount "110"]
[EventDate "2013.07.13"]
[EventType "swiss"]
[EventRounds "9"]
[EventCountry "VIE"]
[SourceTitle "EXT 2014"]
[Source "ChessBase"]
[SourceDate "2013.11.20"]
[SourceVersion "1"]
[SourceVersionDate "2013.11.20"]
[SourceQuality "1"]

1. Nf3 d5 2. g3 g6 3. Bg2 Bg7 4. 0-0 e5 5. d3 Ne7 6. c4 dxc4 7. dxc4 Qxd1 8. Rxd1 Nbc6 9. Nc3 Be6 10. Nd5 0-0-0 11. e4 h6 12. Be3 b6 13. Rac1 f5 14. Nd2 Rhf8 15. c5 Kb8 16. cxb6 axb6 17. a3 Bxd5 18. exd5 Nd4 19. Bxd4 exd4 20. Nb3 d3 21. Rxd3 Bxb2 22. Rb1 Be5 23. Nc5 Rf6 24. Na6+ Ka7 25. Nb4 c5 26. dxc6 Rxd3 27. Nxd3 Bd6 28. a4 Nc8 29. a5 Rf7 30. axb6+ Nxb6 31. Ra1+ Kb8 32. Ra6 Nc8 33. Ra1 Ra7 34. Rb1+ Kc7 35. Rd1 Ne7 36. Nb2 Nxc6 37. Rc1 Ra6 38. Bf1 Ra2 39. Rc2 Be5 40. Bg2 Ra1+ 41. Bf1 Bxb2 42. Rxb2 Ne5 43. Kg2 Kd6 44. Rb6+ Ke7 45. Be2 Ra2 46. Bd1 Nd3 47. Rxg6 Nxf2 48. Re6+ Kxe6 49. Bb3+ Kf6 50. Bxa2 Ng4 51. h3 Ne5 52. Bd5 Ng6 53. Kf2 f4 54. g4 Ne5 55. Be4 Kg5 1/2-1/2